<?xml version="1.0" encoding="UTF-8"?>
<record
    xmlns:xsi="http://www.w3.org/2001/XMLSchema-instance"
    xsi:schemaLocation="http://www.loc.gov/MARC21/slim http://www.loc.gov/standards/marcxml/schema/MARC21slim.xsd"
    xmlns="http://www.loc.gov/MARC21/slim">

  <leader>04725cam a2200349 a 4500</leader>
  <controlfield tag="001">43030643</controlfield>
  <controlfield tag="003">OCoLC</controlfield>
  <controlfield tag="005">20250306040230.0</controlfield>
  <controlfield tag="008">991207r20001994miu      b    001 0 eng  </controlfield>
  <datafield tag="010" ind1=" " ind2=" ">
    <subfield code="a">99088899</subfield>
  </datafield>
  <datafield tag="020" ind1=" " ind2=" ">
    <subfield code="a">0802847552 (pbk.)</subfield>
  </datafield>
  <datafield tag="020" ind1=" " ind2=" ">
    <subfield code="a">9780802847553 (pbk.)</subfield>
  </datafield>
  <datafield tag="020" ind1=" " ind2=" ">
    <subfield code="a">1573831603 (Regent)</subfield>
  </datafield>
  <datafield tag="020" ind1=" " ind2=" ">
    <subfield code="a">9781573831604 (Regent)</subfield>
  </datafield>
  <datafield tag="035" ind1=" " ind2=" ">
    <subfield code="a">(OCoLC)43030643</subfield>
  </datafield>
  <datafield tag="040" ind1=" " ind2=" ">
    <subfield code="a">DLC</subfield>
    <subfield code="c">DLC</subfield>
    <subfield code="d">KAT</subfield>
    <subfield code="d">C#P</subfield>
    <subfield code="d">BAKER</subfield>
    <subfield code="d">ITC</subfield>
    <subfield code="d">BTCTA</subfield>
    <subfield code="d">LVB</subfield>
    <subfield code="d">YDXCP</subfield>
    <subfield code="d">XBE</subfield>
    <subfield code="d">ATH</subfield>
  </datafield>
  <datafield tag="050" ind1="0" ind2="0">
    <subfield code="a">230</subfield>
    <subfield code="b">G828T</subfield>
  </datafield>
  <datafield tag="050" ind1="0" ind2="0">
    <subfield code="a">230</subfield>
    <subfield code="b">G828T</subfield>
  </datafield>
  <datafield tag="082" ind1=" " ind2=" ">
    <subfield code="a">230</subfield>
    <subfield code="b">G828T</subfield>
  </datafield>
  <datafield tag="100" ind1="1" ind2=" ">
    <subfield code="a">Grenz, Stanley J.</subfield>
    <subfield code="q">(Stanley James),</subfield>
    <subfield code="d">1950-2005.</subfield>
    <subfield code="9">449</subfield>
  </datafield>
  <datafield tag="245" ind1="1" ind2="0">
    <subfield code="a">Theology for the community of God /</subfield>
    <subfield code="c">Stanley J. Grenz.</subfield>
  </datafield>
  <datafield tag="260" ind1=" " ind2=" ">
    <subfield code="a">Grand Rapids, Mich. :</subfield>
    <subfield code="b">W.B. Eerdmans,</subfield>
    <subfield code="c">2000.</subfield>
  </datafield>
  <datafield tag="300" ind1=" " ind2=" ">
    <subfield code="a">xxxii, 691 p. ;</subfield>
    <subfield code="c">24 cm.</subfield>
  </datafield>
  <datafield tag="500" ind1=" " ind2=" ">
    <subfield code="a">Originally published: Nashville : Broadman &amp; Holman, 1994.</subfield>
  </datafield>
  <datafield tag="504" ind1=" " ind2=" ">
    <subfield code="a">Includes bibliographical references and indexes.</subfield>
  </datafield>
  <datafield tag="505" ind1="0" ind2=" ">
    <subfield code="a">Introduction -- The nature and task of theology -- The theological task -- [Part I.] Theology: the doctrine of God -- [1.] The God who is -- The reality of God in an era of atheism -- Knowledge of God in an era of agnosticism -- [2.] The triune God -- Trinitarian doctrine in theological history -- The formulation of trinitarian doctrine -- The theological implications of trinitarian doctrine -- Trinitarian doctrine and Christian life -- [3.] The relational God -- The nature of the relational God -- The divine attributes -- [4.] The creator God -- God as the creator of the world -- God as the providential administrator of the world -- [Part II.] Anthropology: the doctrine of humanity -- [5.] The human identity and our origin in God -- Our place in creation -- 'Openness to the world' and general revelation -- God as our origin -- Our temporal origin -- [6.] Our nature as persons destined for community -- Our ontological nature -- Humans as the image of God -- [7.] Sin: the destruction of community -- The nature of sin -- Original sin -- The results of sin: our human situation -- [8.] Our spiritual co-creatures -- The nature of the spiritual realities -- Angelology and structures of existence -- The demonic and superstition --</subfield>
  </datafield>
  <datafield tag="505" ind1="0" ind2=" ">
    <subfield code="a">[Part III.] Christology: the doctrine of Christ -- [9.] The fellowship of Jesus the Christ with God -- Implications: Jesus as one with God -- [10.] The fellowship of Jesus the Christ with humankind -- Jesus as a human -- Jesus as the true human -- Jesus as the universal human -- [11.] The fellowship of deity and humanity in Jesus -- Jesus as divine and human -- The incarnation -- The virgin birth -- [12.] The mission of Jesus -- The vocation of the earthly Jesus -- The atonement and the mission of Jesus -- The ongoing work of Christ -- [Part IV.] Pneumatology: the doctrine of the Holy Spirit -- [13.] The identity of the Holy Spirit -- The Spirit in salvation history -- The Spirit in the trinitarian life -- [14.] The Spirit and the scriptures -- The Spirit as the foundation of scripture -- The task of the Spirit speaking through scripture -- The Bible and revelation -- Biblical authority -- [15.] The dynamic of conversion -- The divine aspect of conversion -- The community aspect of conversion -- [16.] Individual salvation: the wider perspective -- The process of salvation -- The eternal context of salvation --</subfield>
  </datafield>
  <datafield tag="505" ind1="0" ind2=" ">
    <subfield code="a">[Part V.] Ecclesiology: the doctrine of the church -- [17.] The church - the eschatalogical covenant community -- The church as a covenant people -- The church as the sign of the kingdom -- The church as community -- [18.] The ministry of the community -- The purpose of the church -- The mandate of the church -- [19.] Community acts of commitment -- Acts of commitment and the church -- Baptism: the seal of our identity -- The Lord's supper: reaffirming our identity -- [20.] The organization for community life -- Membership in the community -- Community structure -- Leadership for the community -- Ordination by the community -- [Part VI.] Eschatology: the doctrine of last things [21.] The consummation of personal existence -- The significance of death -- Overcoming death in the resurrection -- Hope in the face of death -- [22.] The consummation of history -- The meaning of history -- The presence of community in and beyond history -- the climax of history -- [23.] The consumation of God's cosmic program -- The transition from creation to new creation -- The dark side of the judgment -- The new creation -- [24.] The significance of eschatology -- Eschatology as insight into the present -- Eschatology as God's call in the present -- Eschatology as insight for living.</subfield>
  </datafield>
  <datafield tag="650" ind1=" " ind2="0">
    <subfield code="a">Theology, Doctrinal.</subfield>
    <subfield code="9">388</subfield>
  </datafield>
  <datafield tag="650" ind1=" " ind2="0">
    <subfield code="a">Evangelicalism.</subfield>
    <subfield code="9">389</subfield>
  </datafield>
  <datafield tag="942" ind1=" " ind2=" ">
    <subfield code="2">ddc</subfield>
    <subfield code="c">BK</subfield>
  </datafield>
  <datafield tag="999" ind1=" " ind2=" ">
    <subfield code="c">11313</subfield>
    <subfield code="d">11313</subfield>
  </datafield>
  <datafield tag="952" ind1=" " ind2=" ">
    <subfield code="0">0</subfield>
    <subfield code="1">0</subfield>
    <subfield code="2">ddc</subfield>
    <subfield code="4">0</subfield>
    <subfield code="7">0</subfield>
    <subfield code="8">NFIC</subfield>
    <subfield code="a">HMC</subfield>
    <subfield code="b">HMC</subfield>
    <subfield code="c">GEN</subfield>
    <subfield code="d">2025-03-06</subfield>
    <subfield code="l">0</subfield>
    <subfield code="o">230 G828T</subfield>
    <subfield code="p">013301</subfield>
    <subfield code="r">2025-03-06 04:03:14</subfield>
    <subfield code="w">2025-03-06</subfield>
    <subfield code="y">BK</subfield>
  </datafield>
</record>
